000 00467cam a2200169 4500
001 D3531
008 090401t1981 xxu||||| |||| 00| 0 eng d
035 _a(Sirsi) u73629
041 _aeng
050 _a333.33
245 _aEstates Times Review May 1981 Special feature: investment, development and finance. London focus: The City
260 _aLondon
_bMorgan-Grampian Ltd
_c1981
300 _a50p. ill. 28cm
350 _a2
942 _n0
948 _c04/03/1997
999 _c95655
_d95655